[Event "1SM"]
[Site "Sharjah Chess Club"]
[Date "2017.03.27"]
[Round "5.28"]
[White "Santos Latasa, Jaime"]
[Black "Raahul, V S"]
[Result "0-1"]
[BlackElo "2306"]
[WhiteElo "2565"]
[LiveChessVersion "1.4.8"]

1. d4 {[%clk 1:40:58]} f5 {[%clk 1:40:40]} 2. c4 {[%clk 1:41:24]} Nf6
{[%clk 1:40:59]} 3. Nc3 {[%clk 1:41:51]} e6 {[%clk 1:40:53]} 4. Qc2
{[%clk 1:42:07]} b6 {[%clk 1:40:54]} 5. Nf3 {[%clk 1:38:39]} Bb7 {[%clk 1:40:01]}
6. g3 {[%clk 1:38:22]} Nc6 {[%clk 1:32:20]} 7. Be3 {[%clk 1:36:36]} d5
{[%clk 1:31:02]} 8. Bg2 {[%clk 1:36:32]} dxc4 {[%clk 1:27:23]} 9. O-O
{[%clk 1:35:14]} Nb4 {[%clk 1:25:56]} 10. Qa4+ {[%clk 1:31:52]} Bc6
{[%clk 1:26:05]} 11. Qd1 {[%clk 1:32:14]} Bd6 {[%clk 1:20:53]} 12. Bg5
{[%clk 1:29:34]} O-O {[%clk 1:08:19]} 13. d5 {[%clk 1:27:12]} Nbxd5
{[%clk 1:03:05]} 14. Nd4 {[%clk 1:27:28]} Nxc3 {[%clk 1:03:01]} 15. Nxc6
{[%clk 1:27:48]} Nxd1 {[%clk 1:03:25]} 16. Nxd8 {[%clk 1:28:09]} Raxd8
{[%clk 1:03:09]} 17. Raxd1 {[%clk 1:27:36]} Be5 {[%clk 1:00:27]} 18. Rc1
{[%clk 1:27:46]} Bxb2 {[%clk 1:00:07]} 19. Rxc4 {[%clk 1:28:12]} c5
{[%clk 1:00:31]} 20. Rb1 {[%clk 1:27:15]} Be5 {[%clk 1:00:29]} 21. a4
{[%clk 1:27:13]} Rd4 {[%clk 0:59:57]} 22. Rxd4 {[%clk 1:27:22]} Bxd4
{[%clk 1:00:05]} 23. e3 {[%clk 1:27:46]} Be5 {[%clk 0:59:33]} 24. f4
{[%clk 1:27:56]} Bc3 {[%clk 0:59:23]} 25. Bxf6 {[%clk 1:28:12]} Bxf6
{[%clk 0:59:31]} 26. Bf1 {[%clk 1:28:26]} Rd8 {[%clk 0:58:58]} 27. a5
{[%clk 1:28:08]} Rd6 {[%clk 0:50:21]} 28. axb6 {[%clk 1:27:50]} Rxb6
{[%clk 0:45:53]} 29. Rc1 {[%clk 1:26:20]} Rc6 {[%clk 0:45:37]} 30. Bb5
{[%clk 1:25:19]} Rc7 {[%clk 0:45:55]} 31. Bc4 {[%clk 1:25:45]} Kf7
{[%clk 0:46:04]} 32. Rb1 {[%clk 1:26:11]} Ke7 {[%clk 0:45:42]} 33. Rb5
{[%clk 1:26:34]} e5 {[%clk 0:45:11]} 34. Ra5 {[%clk 1:26:43]} e4 {[%clk 0:37:50]}
35. h3 {[%clk 1:26:14]} h5 {[%clk 0:23:31]} 36. Kg2 {[%clk 1:26:06]} Rb7
{[%clk 0:23:36]} 37. Rxc5 {[%clk 1:23:45]} Rb2+ {[%clk 0:24:00]} 38. Kf1
{[%clk 1:24:08]} Rc2 {[%clk 0:24:08]} 39. Rc8 {[%clk 1:24:26]} Rc3
{[%clk 0:24:24]} 40. Ba6 {[%clk 1:23:21]} Rxe3 {[%clk 0:24:16]} 41. Kg2
{[%clk 1:23:40]} Ra3 {[%clk 0:22:13]} 42. Bb5 {[%clk 1:23:34]} Kd6
{[%clk 0:20:08]} 43. h4 {[%clk 1:23:30]} Kd5 {[%clk 0:17:10]} 44. Be8
{[%clk 1:23:16]} Kd4 {[%clk 0:15:51]} 45. Bxh5 {[%clk 1:23:31]} Ra2+
{[%clk 0:16:19]} 46. Kh3 {[%clk 1:23:35]} e3 {[%clk 0:16:26]} 47. Re8
{[%clk 1:23:03]} Kd3 {[%clk 0:16:35]} 48. g4 {[%clk 1:23:12]} fxg4+
{[%clk 0:16:28]} 49. Kxg4 {[%clk 1:23:36]} Rg2+ {[%clk 0:15:45]} 50. Kf3
{[%clk 1:23:57]} Rf2+ {[%clk 0:16:13]} 51. Kg3 {[%clk 1:24:17]} Kd2
{[%clk 0:15:18]} 52. Re6 {[%clk 1:24:36]} Bd4 {[%clk 0:15:00]} 53. Rd6
{[%clk 1:24:16]} Kc3 {[%clk 0:15:03]} 54. Rc6+ {[%clk 1:24:27]} Kb4
{[%clk 0:14:21]} 55. Rd6 {[%clk 1:24:47]} Kc5 {[%clk 0:14:23]} 56. Ra6
{[%clk 1:24:45]} Kb5 {[%clk 0:14:25]} 57. Rd6 {[%clk 1:25:08]} Kc4
{[%clk 0:13:08]} 58. Bf7+ {[%clk 1:24:51]} Kc3 {[%clk 0:13:31]} 59. Rc6+
{[%clk 1:25:16]} Kb2 {[%clk 0:13:38]} 60. Bh5 {[%clk 1:25:18]} a5
{[%clk 0:13:02]} 61. Rc4 {[%clk 1:24:30]} Bc3 {[%clk 0:11:08]} 62. Re4
{[%clk 1:24:30]} Bd2 {[%clk 0:11:37]} 63. Re7 {[%clk 1:24:47]} a4
{[%clk 0:09:31]} 64. Rb7+ {[%clk 1:24:46]} Ka2 {[%clk 0:09:49]} 65. Bf7+
{[%clk 1:24:02]} Ka3 {[%clk 0:09:22]} 66. Re7 {[%clk 1:24:27]} Kb4
{[%clk 0:08:52]} 67. Re4+ {[%clk 1:24:00]} Kc5 {[%clk 0:09:08]} 68. h5
{[%clk 1:22:37]} a3 {[%clk 0:09:02]} 69. Be6 {[%clk 1:23:01]} Kd6
{[%clk 0:06:53]} 70. f5 {[%clk 1:22:46]} Bc1 {[%clk 0:06:21]} 71. Rc4
{[%clk 1:22:19]} Rf1 {[%clk 0:06:34]} 72. Re4 {[%clk 1:22:29]} Rh1
{[%clk 0:06:10]} 73. Kf3 {[%clk 1:21:45]} Rh3+ {[%clk 0:03:34]} 74. Ke2
{[%clk 1:20:54]} Rxh5 {[%clk 0:03:53]} 75. Rd4+ {[%clk 1:21:05]} Ke5
{[%clk 0:04:03]} 76. Rc4 {[%clk 1:21:30]} Bb2 {[%clk 0:02:56]} 77. Rc5+
{[%clk 1:21:05]} Ke4 {[%clk 0:02:53]} 78. Rc4+ {[%clk 1:20:49]} Bd4
{[%clk 0:03:11]} 79. Ra4 {[%clk 1:21:15]} Rh2+ {[%clk 0:03:13]} 80. Ke1
{[%clk 1:21:37]} Kd3 {[%clk 0:03:19]} 81. Bc4+ {[%clk 1:22:01]} Kc3
{[%clk 0:03:47]} 82. Be2 {[%clk 1:22:18]} Rh1+ {[%clk 0:03:38]} 83. Bf1
{[%clk 1:22:15]} e2 {[%clk 0:03:54]} 84. Kxe2 {[%clk 1:22:16]} a2
{[%clk 0:04:21]} 85. Ra8 {[%clk 1:22:00]} Rxf1 {[%clk 0:04:16]} 86. Kxf1
{[%clk 1:22:21]} Kb3 {[%clk 0:04:45]} 0-1

[Event "1SM"]
[Site "Sharjah Chess Club"]
[Date "2017.03.27"]
[Round "5.29"]
[White "Arjun, K"]
[Black "Stany, G.A."]
[Result "0-1"]
[BlackElo "2495"]
[WhiteElo "2232"]
[LiveChessVersion "1.4.8"]

1. e4 {[%clk 1:40:54]} e5 {[%clk 1:40:55]} 2. Nf3 {[%clk 1:41:13]} Nc6
{[%clk 1:41:22]} 3. Bc4 {[%clk 1:40:24]} Bc5 {[%clk 1:41:46]} 4. O-O
{[%clk 1:40:46]} Nf6 {[%clk 1:42:12]} 5. d3 {[%clk 1:41:06]} O-O {[%clk 1:42:34]}
6. c3 {[%clk 1:40:18]} d5 {[%clk 1:42:55]} 7. exd5 {[%clk 1:36:24]} Nxd5
{[%clk 1:43:20]} 8. Nbd2 {[%clk 1:34:29]} Nb6 {[%clk 1:37:47]} 9. Ne4
{[%clk 1:29:21]} Bd6 {[%clk 1:19:51]} 10. Bg5 {[%clk 1:10:53]} Qe8
{[%clk 1:16:59]} 11. Bb3 {[%clk 1:00:01]} Be6 {[%clk 1:07:38]} 12. d4
{[%clk 0:53:20]} Bxb3 {[%clk 0:57:44]} 13. axb3 {[%clk 0:47:04]} f5
{[%clk 0:57:53]} 14. Nxd6 {[%clk 0:45:01]} cxd6 {[%clk 0:58:19]} 15. dxe5
{[%clk 0:42:20]} dxe5 {[%clk 0:58:28]} 16. Be3 {[%clk 0:41:13]} Rd8
{[%clk 0:55:31]} 17. Qe2 {[%clk 0:40:32]} e4 {[%clk 0:48:44]} 18. Nd4
{[%clk 0:34:57]} f4 {[%clk 0:44:25]} 19. Nxc6 {[%clk 0:33:10]} f3
{[%clk 0:42:50]} 20. Qb5 {[%clk 0:27:24]} Rd5 {[%clk 0:40:50]} 21. Qb4
{[%clk 0:25:26]} bxc6 {[%clk 0:39:55]} 22. gxf3 {[%clk 0:21:12]} Rxf3
{[%clk 0:26:16]} 23. Kh1 {[%clk 0:18:07]} Rh5 {[%clk 0:22:44]} 24. Qd6
{[%clk 0:16:34]} Rf6 {[%clk 0:20:23]} 25. Qg3 {[%clk 0:05:56]} Rg6
{[%clk 0:20:35]} 26. Qc7 {[%clk 0:05:34]} Nd5 {[%clk 0:20:59]} 0-1

[Event "1SM"]
[Site "Sharjah Chess Club"]
[Date "2017.03.27"]
[Round "5.30"]
[White "Kuybokarov, Temur"]
[Black "Nishant, Malhotra"]
[Result "1/2-1/2"]
[BlackElo "2198"]
[WhiteElo "2491"]
[LiveChessVersion "1.4.8"]

1. e4 {[%clk 1:40:58]} e5 {[%clk 1:40:56]} 2. Nf3 {[%clk 1:41:14]} Nc6
{[%clk 1:41:21]} 3. Bc4 {[%clk 1:41:36]} Nf6 {[%clk 1:41:41]} 4. d3
{[%clk 1:41:58]} Be7 {[%clk 1:41:29]} 5. O-O {[%clk 1:42:01]} O-O
{[%clk 1:41:49]} 6. Re1 {[%clk 1:40:59]} d6 {[%clk 1:35:50]} 7. a4
{[%clk 1:41:19]} Na5 {[%clk 1:34:51]} 8. Ba2 {[%clk 1:41:38]} c5 {[%clk 1:35:14]}
9. c3 {[%clk 1:41:31]} h6 {[%clk 1:27:09]} 10. Na3 {[%clk 1:38:23]} Nc6
{[%clk 1:24:53]} 11. Bd2 {[%clk 1:34:24]} Re8 {[%clk 1:15:07]} 12. h3
{[%clk 1:19:57]} Bf8 {[%clk 1:10:00]} 13. b4 {[%clk 1:13:21]} cxb4
{[%clk 1:01:14]} 14. cxb4 {[%clk 1:13:40]} d5 {[%clk 0:44:27]} 15. Qb3
{[%clk 1:02:01]} Be6 {[%clk 0:40:37]} 16. Qb2 {[%clk 1:00:24]} dxe4
{[%clk 0:31:42]} 17. dxe4 {[%clk 1:00:24]} Bxa2 {[%clk 0:29:06]} 18. Rxa2
{[%clk 1:00:35]} a5 {[%clk 0:26:28]} 19. bxa5 {[%clk 0:54:04]} Nxa5
{[%clk 0:25:05]} 20. Bc3 {[%clk 0:50:47]} Bxa3 {[%clk 0:19:16]} 21. Qxa3
{[%clk 0:50:18]} Nc6 {[%clk 0:19:41]} 22. Qb2 {[%clk 0:39:55]} Qe7
{[%clk 0:19:21]} 23. Qb5 {[%clk 0:37:15]} Ra7 {[%clk 0:18:27]} 24. a5
{[%clk 0:34:57]} Nd7 {[%clk 0:17:27]} 25. Bd2 {[%clk 0:28:28]} Rea8
{[%clk 0:13:30]} 26. Rc1 {[%clk 0:22:45]} Nf6 {[%clk 0:12:38]} 27. Rc4
{[%clk 0:21:06]} Ne8 {[%clk 0:13:01]} 28. Rca4 {[%clk 0:13:54]} Qc7
{[%clk 0:11:18]} 29. Bc3 {[%clk 0:11:39]} f6 {[%clk 0:10:31]} 30. Qd5+
{[%clk 0:10:38]} Kh7 {[%clk 0:10:46]} 31. Rc4 {[%clk 0:07:14]} Qe7
{[%clk 0:09:40]} 32. Rc5 {[%clk 0:05:47]} Nc7 {[%clk 0:08:40]} 33. Qc4
{[%clk 0:06:04]} Qe6 {[%clk 0:08:19]} 34. Rb2 {[%clk 0:05:03]} Qxc4
{[%clk 0:06:53]} 35. Rxc4 {[%clk 0:05:31]} Ne8 {[%clk 0:06:42]} 36. Bb4
{[%clk 0:01:41]} Nxa5 {[%clk 0:04:48]} 37. Rc3 {[%clk 0:01:56]} b6
{[%clk 0:04:12]} 38. Nd2 {[%clk 0:01:28]} Rd7 {[%clk 0:02:26]} 39. Kf1
{[%clk 0:00:55]} Nc7 {[%clk 0:01:32]} 1/2-1/2

[Event "1SM"]
[Site "Sharjah Chess Club"]
[Date "2017.03.27"]
[Round "5.31"]
[White "Kavinda, Akila"]
[Black "Praggnanandhaa, R"]
[Result "0-1"]
[BlackElo "2455"]
[WhiteElo "2084"]
[LiveChessVersion "1.4.8"]

1. Nf3 {[%clk 1:40:56]} Nf6 {[%clk 1:40:35]} 2. g3 {[%clk 1:41:13]} g6
{[%clk 1:40:52]} 3. b3 {[%clk 1:41:35]} Bg7 {[%clk 1:41:12]} 4. Bb2
{[%clk 1:42:00]} O-O {[%clk 1:41:31]} 5. Bg2 {[%clk 1:42:08]} d6 {[%clk 1:41:53]}
6. d4 {[%clk 1:42:19]} a5 {[%clk 1:42:14]} 7. a4 {[%clk 1:37:54]} Nc6
{[%clk 1:39:04]} 8. Nc3 {[%clk 1:29:47]} Bg4 {[%clk 1:32:37]} 9. Nb5
{[%clk 1:04:33]} e5 {[%clk 1:14:04]} 10. dxe5 {[%clk 0:46:06]} Nd7
{[%clk 1:13:52]} 11. O-O {[%clk 0:42:52]} Qc8 {[%clk 1:04:44]} 12. Ng5
{[%clk 0:26:46]} h6 {[%clk 0:58:51]} 13. Ne4 {[%clk 0:25:47]} dxe5
{[%clk 0:57:44]} 14. Nec3 {[%clk 0:22:48]} Nb6 {[%clk 0:55:15]} 15. Qc1
{[%clk 0:21:07]} Nd4 {[%clk 0:40:25]} 16. f3 {[%clk 0:15:08]} Bd7
{[%clk 0:36:13]} 17. e3 {[%clk 0:14:48]} Nxb5 {[%clk 0:35:23]} 18. Nxb5
{[%clk 0:13:33]} c6 {[%clk 0:33:20]} 19. Nd6 {[%clk 0:12:57]} Qc7
{[%clk 0:33:47]} 20. Ne4 {[%clk 0:09:33]} f5 {[%clk 0:18:12]} 21. Nc5
{[%clk 0:09:20]} Nd5 {[%clk 0:17:58]} 22. Nxd7 {[%clk 0:08:20]} Qxd7
{[%clk 0:18:25]} 23. e4 {[%clk 0:07:10]} Nb4 {[%clk 0:17:18]} 24. c3
{[%clk 0:04:27]} Nd3 {[%clk 0:16:03]} 25. Qd2 {[%clk 0:03:32]} Rad8
{[%clk 0:14:58]} 26. Ba3 {[%clk 0:03:22]} Rf7 {[%clk 0:14:41]} 27. Rad1
{[%clk 0:01:28]} Qc7 {[%clk 0:14:14]} 28. Qc2 {[%clk 0:00:38]} Qb6+
{[%clk 0:13:35]} 29. Kh1 {[%clk 0:01:04]} Rfd7 {[%clk 0:12:25]} 30. Rb1
{[%clk 0:00:46]} Qe3 {[%clk 0:10:11]} 31. h3 {[%clk 0:00:37]} fxe4
{[%clk 0:05:38]} 32. fxe4 {[%clk 0:00:51]} Qxg3 {[%clk 0:05:58]} 33. Rf3
{[%clk 0:00:40]} Qg5 {[%clk 0:05:43]} 34. Rbf1 {[%clk 0:00:35]} Ne1
{[%clk 0:05:36]} 35. Qe2 {[%clk 0:00:38]} Rd2 {[%clk 0:04:10]} 36. Bc1
{[%clk 0:00:40]} Rxe2 0-1

[Event "1SM"]
[Site "Sharjah Chess Club"]
[Date "2017.03.27"]
[Round "5.32"]
[White "Nitin, S."]
[Black "Kumar, Gaurav"]
[Result "1-0"]
[BlackElo "2172"]
[WhiteElo "2432"]
[LiveChessVersion "1.4.8"]

1. e4 {[%clk 1:40:16]} e5 {[%clk 1:40:30]} 2. Nf3 {[%clk 1:40:16]} Nc6
{[%clk 1:40:30]} 3. Bb5 {[%clk 1:40:16]} a6 {[%clk 1:40:20]} 4. Ba4
{[%clk 1:40:16]} Nf6 {[%clk 1:40:07]} 5. Qe2 {[%clk 1:40:16]} b5 {[%clk 1:34:38]}
6. Bb3 {[%clk 1:40:16]} Be7 {[%clk 1:30:19]} 7. O-O {[%clk 1:40:16]} O-O
{[%clk 1:29:30]} 8. c3 {[%clk 1:40:16]} d5 {[%clk 1:19:55]} 9. d3
{[%clk 1:30:35]} d4 {[%clk 1:15:43]} 10. h3 {[%clk 1:22:56]} h6 {[%clk 1:13:09]}
11. cxd4 {[%clk 1:17:26]} Nxd4 {[%clk 1:10:26]} 12. Nxd4 {[%clk 1:17:26]} exd4
{[%clk 1:05:50]} 13. a4 {[%clk 1:08:44]} Rb8 {[%clk 0:58:40]} 14. axb5
{[%clk 1:05:15]} axb5 {[%clk 0:58:18]} 15. Bf4 {[%clk 1:05:15]} Be6
{[%clk 0:52:52]} 16. Bxe6 {[%clk 0:55:40]} fxe6 {[%clk 0:52:42]} 17. Rc1
{[%clk 0:55:40]} Ne8 {[%clk 0:49:30]} 18. Bg3 {[%clk 0:55:05]} Bg5
{[%clk 0:39:05]} 19. Nd2 {[%clk 0:53:14]} Ra8 {[%clk 0:32:58]} 20. Rxa8
{[%clk 0:53:14]} Qxa8 {[%clk 0:32:58]} 21. h4 {[%clk 0:53:14]} Bf4
{[%clk 0:28:12]} 22. Bxf4 {[%clk 0:50:53]} Rxf4 {[%clk 0:27:46]} 23. Nf3
{[%clk 0:48:06]} Qa7 {[%clk 0:19:46]} 24. Qd2 {[%clk 0:47:20]} Rf8
{[%clk 0:19:40]} 25. Qb4 {[%clk 0:47:19]} Nd6 {[%clk 0:17:39]} 26. Qxd4
{[%clk 0:44:58]} Qxd4 {[%clk 0:15:41]} 27. Nxd4 {[%clk 0:44:58]} e5
{[%clk 0:15:41]} 28. Nc6 {[%clk 0:44:58]} 1-0

[Event "1SM"]
[Site "Sharjah Chess Club"]
[Date "2017.03.27"]
[Round "5.33"]
[White "Abdusattorov, Nodirbek"]
[Black "Vantika, Agrawal"]
[Result "1/2-1/2"]
[BlackElo "2130"]
[WhiteElo "2429"]
[LiveChessVersion "1.4.8"]

1. d4 {[%clk 1:40:52]} Nf6 {[%clk 1:40:34]} 2. Bf4 {[%clk 1:41:03]} g6
{[%clk 1:40:35]} 3. Nd2 {[%clk 1:41:20]} Bg7 {[%clk 1:40:30]} 4. e4
{[%clk 1:41:37]} d6 {[%clk 1:40:40]} 5. Ngf3 {[%clk 1:41:35]} O-O
{[%clk 1:40:42]} 6. c3 {[%clk 1:41:47]} Nbd7 {[%clk 1:31:14]} 7. Bc4
{[%clk 1:41:58]} Qe8 {[%clk 1:21:44]} 8. h3 {[%clk 1:38:46]} e5 {[%clk 1:18:20]}
9. dxe5 {[%clk 1:38:51]} Nxe5 {[%clk 1:06:48]} 10. Nxe5 {[%clk 1:38:39]} dxe5
{[%clk 1:07:13]} 11. Be3 {[%clk 1:39:02]} Qe7 {[%clk 1:04:11]} 12. Qc2
{[%clk 1:36:17]} b6 {[%clk 0:55:07]} 13. O-O-O {[%clk 1:34:21]} Rd8
{[%clk 0:45:59]} 14. g4 {[%clk 1:30:55]} a6 {[%clk 0:27:05]} 15. Be2
{[%clk 1:28:10]} Be6 {[%clk 0:24:13]} 16. Kb1 {[%clk 1:28:15]} c5
{[%clk 0:12:16]} 17. g5 {[%clk 1:27:02]} Nh5 {[%clk 0:10:22]} 18. Bxh5
{[%clk 1:18:56]} gxh5 {[%clk 0:10:44]} 19. Nf3 {[%clk 1:19:22]} Rxd1+
{[%clk 0:09:12]} 20. Rxd1 {[%clk 1:18:26]} Rd8 {[%clk 0:04:25]} 21. Rxd8+
{[%clk 1:17:30]} Qxd8 {[%clk 0:04:50]} 22. h4 {[%clk 1:17:50]} Bc4
{[%clk 0:03:34]} 23. Ne1 {[%clk 1:18:09]} Qd7 {[%clk 0:03:08]} 24. b3
{[%clk 1:18:06]} Bf1 {[%clk 0:02:52]} 25. f3 {[%clk 1:14:46]} f5 {[%clk 0:01:23]}
26. exf5 {[%clk 1:13:33]} Bh3 {[%clk 0:01:49]} 27. Qe2 {[%clk 1:13:09]} Bxf5+
{[%clk 0:01:58]} 28. Kc1 {[%clk 1:12:17]} Qb5 {[%clk 0:01:14]} 29. Qd2
{[%clk 1:11:58]} Qd7 {[%clk 0:01:25]} 30. Qe2 {[%clk 1:09:10]} Qb5
{[%clk 0:01:31]} 31. Qh2 {[%clk 1:06:45]} Qd7 {[%clk 0:00:45]} 32. Bd2
{[%clk 1:06:05]} b5 {[%clk 0:00:37]} 33. Qe2 {[%clk 1:06:34]} Qd5
{[%clk 0:00:37]} 34. Nc2 {[%clk 1:05:00]} Qd3 {[%clk 0:00:36]} 35. Qxd3
{[%clk 1:05:16]} Bxd3 {[%clk 0:01:02]} 36. Be3 {[%clk 1:05:40]} e4
{[%clk 0:00:49]} 37. Kd2 {[%clk 1:00:57]} Bxc2 {[%clk 0:00:36]} 38. Kxc2
{[%clk 1:01:26]} exf3 {[%clk 0:00:46]} 39. Bxc5 {[%clk 1:01:20]} Kf7
{[%clk 0:00:46]} 40. c4 {[%clk 1:01:36]} bxc4 {[%clk 0:00:47]} 41. bxc4
{[%clk 1:02:01]} Be5 {[%clk 0:00:41]} 42. Bf2 {[%clk 1:02:08]} Ke6
{[%clk 0:00:37]} 43. Kd3 {[%clk 1:02:18]} Kf5 {[%clk 0:00:40]} 44. c5
{[%clk 1:02:47]} Kg4 {[%clk 0:00:35]} 45. c6 {[%clk 1:02:27]} Bc7
{[%clk 0:00:35]} 46. Ke4 {[%clk 1:02:45]} Bh2 {[%clk 0:00:34]} 47. a4
{[%clk 1:02:38]} Bc7 {[%clk 0:00:39]} 48. Be1 {[%clk 1:01:18]} a5
{[%clk 0:00:34]} 49. Bf2 {[%clk 1:00:37]} Bb8 {[%clk 0:00:36]} 50. Be1
{[%clk 0:58:39]} Bh2 {[%clk 0:00:42]} 51. Bf2 {[%clk 0:58:33]} Bb8
{[%clk 0:00:57]} 52. Ke3 {[%clk 0:58:49]} Bc7 {[%clk 0:00:52]} 53. Be1
{[%clk 0:58:38]} Bf4+ {[%clk 0:00:42]} 54. Kd3 {[%clk 0:58:19]} Bc7
{[%clk 0:00:43]} 55. Ke4 {[%clk 0:58:08]} Bh2 {[%clk 0:00:53]} 56. Ke3
{[%clk 0:58:15]} Bc7 {[%clk 0:01:15]} 57. Bf2 {[%clk 0:58:27]} Bb8
{[%clk 0:00:46]} 58. Be1 {[%clk 0:57:54]} Bc7 {[%clk 0:00:43]} 59. Ke4
{[%clk 0:54:39]} Bb8 {[%clk 0:00:59]} 60. Bf2 {[%clk 0:54:33]} Bh2
{[%clk 0:00:40]} 61. Bb6 {[%clk 0:54:00]} Bc7 {[%clk 0:00:44]} 62. Bf2
{[%clk 0:53:25]} Bb8 {[%clk 0:01:03]} 63. Ke3 {[%clk 0:47:42]} Bh2
{[%clk 0:01:04]} 64. Be1 {[%clk 0:47:45]} Bc7 {[%clk 0:01:26]} 65. Kf2
{[%clk 0:47:19]} Bb6+ {[%clk 0:00:37]} 66. Kf1 {[%clk 0:47:48]} Bc7
{[%clk 0:00:37]} 67. Bf2 {[%clk 0:48:06]} Kf5 {[%clk 0:00:34]} 68. Be3
{[%clk 0:46:33]} Kg4 {[%clk 0:00:36]} 69. Bf2 {[%clk 0:46:40]} Kf4
{[%clk 0:00:37]} 70. Bc5 {[%clk 0:43:50]} Ke4 {[%clk 0:00:40]} 71. Kf2
{[%clk 0:42:36]} Kd5 {[%clk 0:00:41]} 72. Be3 {[%clk 0:42:59]} Kxc6
{[%clk 0:01:00]} 73. Kxf3 {[%clk 0:43:25]} Kd5 {[%clk 0:01:25]} 74. Bf4
{[%clk 0:43:39]} Bb6 {[%clk 0:01:32]} 75. Bd2 {[%clk 0:43:15]} Bc7
{[%clk 0:01:37]} 76. Be1 {[%clk 0:43:25]} Bb6 {[%clk 0:00:46]} 77. Kf4
{[%clk 0:43:24]} Ke6 {[%clk 0:00:40]} 78. Ke4 {[%clk 0:43:47]} Bc5
{[%clk 0:00:37]} 79. Kf3 {[%clk 0:42:06]} Bb6 {[%clk 0:00:59]} 80. Kf4
{[%clk 0:42:29]} Bc7+ {[%clk 0:01:11]} 81. Ke4 {[%clk 0:42:13]} Bb6
{[%clk 0:01:37]} 82. Bg3 {[%clk 0:41:49]} Bc5 {[%clk 0:01:30]} 83. Bc7
{[%clk 0:38:49]} Bf2 {[%clk 0:01:25]} 84. Bxa5 {[%clk 0:39:14]} Bxh4
{[%clk 0:01:51]} 85. Bd8 {[%clk 0:39:39]} Bxg5 {[%clk 0:01:00]} 86. Bxg5
{[%clk 0:40:03]} Kd6 {[%clk 0:01:28]} 87. Be7+ {[%clk 0:39:39]} Kxe7
{[%clk 0:01:24]} 88. a5 {[%clk 0:40:06]} Kd6 {[%clk 0:01:46]} 89. Kf4
{[%clk 0:40:30]} Kc5 {[%clk 0:02:12]} 90. Kg5 {[%clk 0:40:55]} Kb5
{[%clk 0:02:40]} 91. a6 {[%clk 0:41:19]} Kxa6 {[%clk 0:03:07]} 92. Kh4
{[%clk 0:41:44]} Kb5 {[%clk 0:03:33]} 1/2-1/2

[Event "1SM"]
[Site "Sharjah Chess Club"]
[Date "2017.03.27"]
[Round "5.34"]
[White "Nikhil, Magizhnan"]
[Black "Yakubboev, Nodirbek"]
[Result "0-1"]
[BlackElo "2427"]
[WhiteElo "2077"]
[LiveChessVersion "1.4.8"]

1. e4 {[%clk 1:40:57]} e5 {[%clk 1:34:11]} 2. Nf3 {[%clk 1:41:15]} Nc6
{[%clk 1:34:04]} 3. Bb5 {[%clk 1:41:16]} a6 {[%clk 1:33:10]} 4. Ba4
{[%clk 1:41:28]} Nf6 {[%clk 1:32:36]} 5. O-O {[%clk 1:41:19]} Be7
{[%clk 1:30:39]} 6. Re1 {[%clk 1:41:11]} b5 {[%clk 1:30:04]} 7. Bb3
{[%clk 1:41:36]} d6 {[%clk 1:29:58]} 8. c3 {[%clk 1:41:51]} O-O {[%clk 1:30:16]}
9. d3 {[%clk 1:40:03]} Na5 {[%clk 1:20:32]} 10. Bc2 {[%clk 1:40:22]} c5
{[%clk 1:18:27]} 11. Nbd2 {[%clk 1:40:33]} Re8 {[%clk 1:09:46]} 12. Nf1
{[%clk 1:40:33]} Bf8 {[%clk 1:06:45]} 13. Bg5 {[%clk 1:40:22]} h6
{[%clk 1:02:03]} 14. Bh4 {[%clk 1:40:39]} g5 {[%clk 0:40:52]} 15. Bg3
{[%clk 1:39:41]} Bg7 {[%clk 0:37:50]} 16. Ne3 {[%clk 1:30:19]} Nh5
{[%clk 0:31:49]} 17. a4 {[%clk 1:11:50]} Be6 {[%clk 0:26:42]} 18. axb5
{[%clk 1:06:29]} axb5 {[%clk 0:27:01]} 19. Nd2 {[%clk 0:56:39]} Nf4
{[%clk 0:25:11]} 20. Bxf4 {[%clk 0:56:30]} exf4 {[%clk 0:24:38]} 21. Nd5
{[%clk 0:55:48]} Rb8 {[%clk 0:23:09]} 22. Nb3 {[%clk 0:50:57]} Nc6
{[%clk 0:21:20]} 23. d4 {[%clk 0:42:41]} cxd4 {[%clk 0:17:47]} 24. cxd4
{[%clk 0:42:16]} Bxd5 {[%clk 0:16:31]} 25. exd5 {[%clk 0:42:14]} Rxe1+
{[%clk 0:16:33]} 26. Qxe1 {[%clk 0:42:41]} Nxd4 {[%clk 0:16:44]} 27. Nxd4
{[%clk 0:43:08]} Bxd4 {[%clk 0:17:04]} 28. Qe4 {[%clk 0:43:23]} Qf6
{[%clk 0:10:55]} 29. Re1 {[%clk 0:41:17]} Bxb2 {[%clk 0:10:03]} 30. Qh7+
{[%clk 0:41:22]} Kf8 {[%clk 0:10:25]} 31. h3 {[%clk 0:40:39]} Bc3
{[%clk 0:09:23]} 32. Rb1 {[%clk 0:40:27]} b4 {[%clk 0:09:07]} 33. Bb3
{[%clk 0:39:05]} Re8 {[%clk 0:08:53]} 34. Qd3 {[%clk 0:38:39]} Re5
{[%clk 0:07:47]} 35. Kh2 {[%clk 0:38:15]} h5 {[%clk 0:06:01]} 36. Qf3
{[%clk 0:38:03]} Qf5 {[%clk 0:05:11]} 37. Rd1 {[%clk 0:38:18]} g4
{[%clk 0:05:08]} 38. Qd3 {[%clk 0:38:44]} Qxd3 {[%clk 0:04:06]} 39. Rxd3
{[%clk 0:39:08]} f5 {[%clk 0:04:06]} 40. Rd1 {[%clk 0:38:57]} Re2
{[%clk 0:04:04]} 41. Kg1 {[%clk 0:39:17]} Ke7 {[%clk 0:04:00]} 42. Bc4
{[%clk 0:39:19]} Rb2 {[%clk 0:03:46]} 43. Kf1 {[%clk 0:39:21]} Kf6
{[%clk 0:03:17]} 44. Ke1 Ke5+ 0-1